[Event "Olympiad w"]
[Site "Bled SLO"]
[Date "2002.11.05"]
[Round "3.10"]
[White "Ivanovic Jelena, BIH."]
[Black "Puuska Heini, FIN."]
[Result "1-0"]
[WhiteElo "2041"]
[BlackElo "2077"]
[PlyCount "55"]
[EventDate "2002.10.26"]

1. e4 e6 2. d4 d5 3. Nd2 dxe4 4. Nxe4 Bd7 5. Nf3 Bc6 6. Bd3 Nd7 7. O-O Ngf6 8.
Ng3 Be7 9. Re1 Nb6 10. c3 Bxf3 11. Qxf3 c6 12. Qe2 O-O 13. f4 Bd6 14. Qf3 Qc7
15. Bd2 c5 16. f5 c4 17. Bc2 Bxg3 18. hxg3 exf5 19. Bxf5 Nbd5 20. g4 Rad8 21.
Re5 Ne7 22. Rae1 Nxf5 23. Qxf5 Rfe8 24. Bg5 Qc6 25. Qf3 Qd7 26. Bxf6 gxf6 27.
Qxf6 Qc6 28. Rg5+ 1-0

[Event "Olympiad w"]
[Site "Bled SLO"]
[Date "2002.11.06"]
[Round "1.11"]
[White "Koskela Niina, FIN."]
[Black "Parveen Syeda Shabana, BAN."]
[Result "1/2-1/2"]
[WhiteElo "2271"]
[BlackElo "2124"]
[PlyCount "90"]
[EventDate "2002.10.26"]

1. e4 e5 2. Bc4 Nf6 3. d3 Nc6 4. Nf3 Be7 5. O-O O-O 6. Re1 d6 7. a4 Bg4 8. h3
Bh5 9. c3 h6 10. Nbd2 Nh7 11. g4 Bg6 12. Kg2 Qd7 13. Nf1 Bf6 14. Ng3 Rfe8 15.
a5 Nd8 16. a6 b5 17. Bb3 Ne6 18. Be3 c6 19. c4 Nf4+ 20. Kh2 h5 21. Nf5 Ng5 22.
Bxf4 exf4 23. cxb5 cxb5 24. Nxg5 Bxg5 25. Rg1 h4 26. Nd4 Bf6 27. Nf3 Bxb2 28.
Rb1 Bc3 29. Nxh4 Kh7 30. Nf3 Rh8 31. Kg2 Rac8 32. Bd5 b4 33. Qb3 Kg8 34. Rgc1
Kf8 35. Rc2 Ke7 36. Ra2 Rxh3 37. Kxh3 Rh8+ 38. Nh4 Bf6 39. f3 Rxh4+ 40. Kg2
Rxg4+ 41. Kf2 Bd4+ 42. Ke2 Rg2+ 43. Kd1 Rg1+ 44. Kc2 Rg2+ 45. Kd1 Rg1+ 1/2-1/2

[Event "Olympiad "]
[Site "Bled SLO"]
[Date "2002.11.07"]
[Round "3.12"]
[White "Sermek Drazen, SLO/A."]
[Black "Nyysti Sampsa, FIN."]
[Result "0-1"]
[WhiteElo "2590"]
[BlackElo "2410"]
[PlyCount "94"]
[EventDate "2002.10.26"]

1. e4 e5 2. Nf3 Nc6 3. Bc4 Nf6 4. Ng5 d5 5. exd5 Na5 6. Bb5+ c6 7. dxc6 bxc6 8.
Be2 h6 9. Nh3 Bd6 10. d3 O-O 11. Nc3 Nd5 12. Bf3 Nxc3 13. bxc3 f5 14. g3 Qf6
15. Bd2 g5 16. c4 g4 17. Bxa5 gxf3 18. Bc3 f4 19. Nxf4 Qf5 20. Rg1 Kh7 21. Qxf3
exf4 22. gxf4 Be5 23. Bxe5 Qxe5+ 24. fxe5 Rxf3 25. Ke2 Rf5 26. f4 Rxf4 27. Raf1
Rxf1 28. Rxf1 Be6 29. Rf6 Re8 30. Ke3 c5 31. Ke4 Kg7 32. c3 Re7 33. a3 h5 34.
h4 Bg8 35. d4 cxd4 36. cxd4 Bxc4 37. d5 Rd7 38. d6 Rf7 39. Kf5 Rxf6+ 40. exf6+
Kf7 41. Kg5 Be6 42. Kxh5 Kxf6 43. Kh6 a5 44. h5 Bg4 45. Kh7 Bxh5 46. d7 Ke7 47.
Kh6 Kxd7 0-1

[Event "Olympiad w"]
[Site "Bled SLO"]
[Date "2002.11.07"]
[Round "1.12"]
[White "Geldyeva Mekhri, TKM."]
[Black "Koskela Niina, FIN."]
[Result "1-0"]
[WhiteElo "2265"]
[BlackElo "2271"]
[PlyCount "135"]
[EventDate "2002.10.26"]

1. d4 Nf6 2. c4 e6 3. Nf3 b6 4. g3 Bb7 5. Bg2 Be7 6. O-O O-O 7. Nc3 Na6 8. Re1
Ne4 9. Nxe4 Bxe4 10. a3 Qc8 11. Ne5 Bxg2 12. Kxg2 Qb7+ 13. e4 d6 14. Nf3 c6 15.
Kg1 d5 16. cxd5 cxd5 17. e5 Rfc8 18. Be3 Rc6 19. Qe2 Rac8 20. Rac1 Rc4 21. Rxc4
Rxc4 22. Nd2 Rc2 23. Qb5 Nb8 24. Nb1 Qc6 25. Qb3 Qc4 26. Nd2 Qxb3 27. Nxb3 Kf8
28. Rc1 Rc4 29. Kf1 Nc6 30. Ke2 b5 31. Kd3 Ke8 32. Rf1 Nb8 33. f4 Rc7 34. g4
Nc6 35. Bd2 Bd8 36. f5 Rc8 37. Rf3 a5 38. Rh3 h6 39. fxe6 fxe6 40. g5 a4 41.
gxh6 gxh6 42. Nc1 Bg5 43. Bxg5 hxg5 44. Rh8+ Kd7 45. Rh7+ Ne7 46. Ne2 Rf8 47.
Nc3 Rf3+ 48. Ke2 g4 49. Nd1 Rh3 50. Rxh3 gxh3 51. Ne3 Nc6 52. Kd3 b4 53. axb4
Nxb4+ 54. Kc3 Nc6 55. Ng4 Ke7 56. Nf2 Kf7 57. Nxh3 Kg6 58. Nf2 Kf5 59. Nd3 Kg4
60. Nc5 Nd8 61. Nxa4 Kh3 62. Nc5 Kxh2 63. b4 Kg3 64. b5 Kg4 65. b6 Nc6 66. Nxe6
Kf5 67. Nc7 Ke4 68. b7 1-0

[Event "Olympiad w"]
[Site "Bled SLO"]
[Date "2002.11.07"]
[Round "2.12"]
[White "Puuska Heini, FIN."]
[Black "Ovezova Maysa, TKM."]
[Result "1/2-1/2"]
[WhiteElo "2077"]
[BlackElo "2214"]
[PlyCount "103"]
[EventDate "2002.10.26"]

1. d4 d5 2. Bg5 Bf5 3. Nf3 c6 4. e3 Qb6 5. Qc1 Nd7 6. Nbd2 h5 7. h4 g6 8. Bd3
Bxd3 9. cxd3 Bg7 10. O-O f6 11. Bf4 e5 12. dxe5 fxe5 13. Bg5 e4 14. dxe4 Bxb2
15. Qc2 Bxa1 16. Rxa1 Ne7 17. Bxe7 Kxe7 18. exd5 cxd5 19. Rb1 Qc6 20. Qb2 Qf6
21. Qxb7 Rab8 22. Qxd5 Rxb1+ 23. Nxb1 Qf5 24. Qxf5 gxf5 25. Nd4 Kf6 26. Nc3 Nb6
27. Ncb5 a6 28. Nd6 f4 29. exf4 Nd5 30. Ne4+ Kg6 31. f5+ Kf7 32. Nc5 a5 33. Nb7
a4 34. Nc5 Nc3 35. f3 Rb8 36. g4 Nxa2 37. g5 a3 38. g6+ Kg7 39. Nde6+ Kf6 40.
Nd7+ Kxf5 41. Nd4+ Kxg6 42. Nxb8 Nb4 43. Nb3 a2 44. Na1 Kf5 45. Nd7 Kf4 46. Kf2
Nd3+ 47. Ke2 Nc1+ 48. Kd2 Kxf3 49. Kxc1 Kg4 50. Nf6+ Kxh4 51. Nxh5 Kxh5 52. Kb2
1/2-1/2

[Event "Olympiad w"]
[Site "Bled SLO"]
[Date "2002.11.08"]
[Round "2.13"]
[White "Mihevc-Mohr Narcisa, SLO/C."]
[Black "Rantanen Tanja, FIN."]
[Result "0-1"]
[WhiteElo "2114"]
[BlackElo "2166"]
[PlyCount "54"]
[EventDate "2002.10.26"]

1. e4 e5 2. Nf3 Nf6 3. Nc3 Nc6 4. a3 d5 5. Bb5 Nxe4 6. Qe2 Qd6 7. Nxe4 dxe4 8.
Qxe4 Bd7 9. Bc4 Be7 10. d3 O-O-O 11. Bxf7 Rhf8 12. Bc4 Bf5 13. Qe2 e4 14. dxe4
Bg4 15. Be3 Ne5 16. Rd1 Nxf3+ 17. gxf3 Qxd1+ 18. Qxd1 Rxd1+ 19. Kxd1 Bxf3+ 20.
Kd2 Bxh1 21. e5 Rd8+ 22. Ke2 Bd5 23. Bd3 g6 24. f4 c5 25. c3 Bf3+ 26. Kxf3 Rxd3
27. Ke4 Rd1 0-1

[Event "Olympiad w"]
[Site "Bled SLO"]
[Date "2002.11.08"]
[Round "3.13"]
[White "Puuska Heini, FIN."]
[Black "Orel Karmen, SLO/C."]
[Result "0-1"]
[WhiteElo "2077"]
[BlackElo "1917"]
[PlyCount "76"]
[EventDate "2002.10.26"]

1. d4 Nf6 2. Bg5 e6 3. e4 Be7 4. Bd3 c5 5. dxc5 Qa5+ 6. Nc3 Qxc5 7. Be3 Qa5 8.
f3 a6 9. Nge2 Nc6 10. Nc1 Bb4 11. Bd2 Qc7 12. Nb3 Ne5 13. O-O O-O 14. f4 Nc4
15. e5 Nxd2 16. Nxd2 Bxc3 17. bxc3 Nd5 18. Ne4 f5 19. Nd6 Ne3 20. Qh5 g6 21.
Qh6 Nxf1 22. Rxf1 Qd8 23. g4 Qe7 24. g5 b5 25. c4 bxc4 26. Bxc4 a5 27. Qh3 Ba6
28. Bxa6 Rxa6 29. Qd3 Raa8 30. Rb1 Rfb8 31. Rxb8+ Rxb8 32. Qa6 Qd8 33. Nc4 Qc7
34. Nxa5 Rb1+ 35. Kf2 Qxc2+ 36. Ke3 Qc3+ 37. Kf2 Rb2+ 38. Kg1 Qe3+ 0-1

[Event "Olympiad w"]
[Site "Bled SLO"]
[Date "2002.11.10"]
[Round "1.14"]
[White "Koskela Niina, FIN."]
[Black "Petronic Sanja, SIN."]
[Result "1-0"]
[WhiteElo "2271"]
[BlackElo "2281"]
[PlyCount "49"]
[EventDate "2002.10.26"]

1. e4 e6 2. d3 d5 3. Nd2 Nf6 4. Ngf3 Nc6 5. Be2 Be7 6. O-O O-O 7. Re1 Re8 8. c3
Bf8 9. e5 Nd7 10. d4 f6 11. exf6 Qxf6 12. Nf1 Bd6 13. Ng3 Nf8 14. Bd3 Bxg3 15.
hxg3 e5 16. Bg5 Qd6 17. dxe5 Nxe5 18. Bf4 Nxf3+ 19. Qxf3 Rxe1+ 20. Rxe1 Qc6 21.
Re7 Qf6 22. Qxd5+ Be6 23. Qc5 Rd8 24. Be5 b6 25. Bxf6 1-0